| 000 | 00966njm a2200289Ia 4500 | ||
|---|---|---|---|
| 001 | 69200 | ||
| 003 | IT-RoPAU | ||
| 005 | 20220918181132.0 | ||
| 008 | 131025s9999 xx 000 0 und d | ||
| 040 | _aIT-RoPAU | ||
| 040 | _cIT-RoPAU | ||
| 041 | _aITALIANO | ||
| 999 |
_c100676 _d100676 |
||
| 999 | _bn.d. | ||
| 100 |
_aLeydi Roberto _924021 |
||
| 100 |
_eAutore musica _924022 |
||
| 100 |
_gCodice autore musica SPICS: 4644 _924023 |
||
| 245 | _aCantastorie (05) | ||
| 250 | _a1a ed. | ||
| 260 |
_bSENZA EDITRICE O NON IDENTIFICATA _c1978 [1a Ed.:1978 - Ed. Lingua Orig.: 1978] |
||
| 300 | _aMUSICASSETTA | ||
| 300 | _c90 minuti (Testo: 0 pag.) | ||
| 500 | _aEtnomusicologia | ||
| 505 | _aCantastorie nel passato: O Maria bella Maria - Eroina di Barbablù - Testamento dell'avvelenata - Lord Randal | ||
| 650 |
_aETNOMUSICOLOGIA [CASSETTE] _eCodice MATERIA SPICS: 9951 _924024 |
||
| 700 |
_aLeydi Roberto _gCodice interprete SPICS: 4644 _eInterprete _924025 |
||
| 942 |
_cMC _2ddc |
||